书目信息 |
| 题名: |
半导体光谱和光学性质
|
|
| 作者: | 沈学础 著 | |
| 分册: | ||
| 出版信息: | 北京 科学出版社 2002 |
|
| 页数: | 770页 | |
| 开本: | 25cm | |
| 丛书名: | ||
| 单 册: | ||
| 中图分类: | O472 , O472 | |
| 科图分类: | ||
| 主题词: | 半导体--光谱 , 半导体--光学性质 , 光谱 , 光学性质 , 半导体 | |
| 电子资源: | ||
| ISBN: | 7-03-002696-9 | |
| 000 | 01084nam0 2200325 450 | |
| 000 | 01065nam0 2200313 450 | |
| 000 | 00998nam0 2200289 450 | |
| 000 | 00961nam0 2200277 45 | |
| 005 | 20070529151000.60 | |
| 010 | @a7-03-002696-9@b精装@dCNY88.00 | |
| 100 | @a20070419d2002 em y0chiy0120 ea | |
| 101 | 0 | @achi |
| 102 | @aCN@b110000 | |
| 105 | @aa z 001yy | |
| 200 | 1 | @a半导体光谱和光学性质@ABan Dao Ti Guang Pu He Guang Xue Xing Zhi@f沈学础著@FShen Xue Chu Zhu |
| 205 | @a2版 | |
| 210 | @a北京@c科学出版社@d2002 | |
| 215 | @a770页@c图@d25cm | |
| 300 | @a中国科学院出版基金资助出版 | |
| 330 | @a本书系统论述了半导体及其超晶格、量子线、量子点结构等的光谱和光学性质,分别论述了它们的反射和吸收光谱、发光光谱与辐射复合、光电导和光电子效应、磁光效应、量子线、量子点的光谱和光学性质。 | |
| 606 | 0 | @a半导体@x光谱 |
| 606 | 0 | @a半导体@x光学性质 |
| 606 | 0 | @a光谱 |
| 606 | 0 | @a光学性质 |
| 606 | 0 | @a半导体 |
| 690 | @aO472@v4 | |
| 690 | @aO472@v3 | |
| 701 | 0 | @a沈学础@AShen Xue Chu@f(1938~)@4著 |
| 801 | 0 | @aCN@bTAOJIN@c20070529 |
| 905 | @a10447@dO472@e17=2 | |
| 半导体光谱和光学性质/沈学础著.-2版.-北京:科学出版社,2002 |
| 770页:图;25cm |
| 中国科学院出版基金资助出版 |
| ISBN 7-03-002696-9(精装):CNY88.00 |
| 本书系统论述了半导体及其超晶格、量子线、量子点结构等的光谱和光学性质,分别论述了它们的反射和吸收光谱、发光光谱与辐射复合、光电导和光电子效应、磁光效应、量子线、量子点的光谱和光学性质。 |
| ● |
| 相关链接 |
|
|
|
|
正题名:半导体光谱和光学性质
索取号:O472/17=2
 
预约/预借
| 序号 | 登录号 | 条形码 | 馆藏地/架位号 | 状态 | 备注 |
| 1 | 0523098 | 205230980 | 第二样本阅览室/ [索取号:O472/17=2] | 在馆 | |
| 2 | 0523099 | 205230999 | 第三借阅区/ [索取号:O472/17=2] | 在馆 | |
| 3 | 0523100 | 205231006 | 第三借阅区/ [索取号:O472/17=2] | 在馆 | |
| 4 | 0523101 | 205231015 | 第三借阅区/ [索取号:O472/17=2] | 在馆 |